[Event "ZN-2015-0-03138"]
[Site "LSS email"]
[Date "2015.09.05"]
[Round "?"]
[White "Duker, Jan"]
[Black "Lombardi, Donato"]
[Result "0-1"]
[WhiteElo "402"]
[BlackElo "793"]
[PlyCount "34"]
[EventDate "2015.08.28"]
[EventType "match (corr)"]
[EventRounds "2"]
[EventCountry "GER"]
[SourceTitle "Corr 2022"]
[Source "ChessBase"]
[SourceDate "2021.10.24"]
[SourceVersion "1"]
[SourceVersionDate "2021.10.24"]
[SourceQuality "1"]

1. e4 e6 2. Nc3 d5 3. d3 Nf6 4. Nh3 a6 5. Ng5 h6 6. Nh3 Bb4 7. Qf3 d4 8. a3 dxc3 9. axb4 cxb2 10. Bxb2 Nbd7 11. Qg3 c5 12. e5 Nd5 13. bxc5 0-0 14. Ba3 Qc7 15. d4 Qa5+ 16. Kd1 Nc3+ 17. Ke1 Ne4+ 0-1

[Event "RN-2015-0-00938"]
[Site "LSS email"]
[Date "2015.03.06"]
[Round "?"]
[White "Duker, Jan"]
[Black "Bester, Kazimierz"]
[Result "0-1"]
[WhiteElo "423"]
[BlackElo "718"]
[PlyCount "68"]
[EventDate "2015.02.28"]
[EventType "tourn (corr)"]
[EventRounds "6"]
[EventCountry "GER"]
[SourceTitle "Corr 2022"]
[Source "ChessBase"]
[SourceDate "2021.10.24"]
[SourceVersion "1"]
[SourceVersionDate "2021.10.24"]
[SourceQuality "1"]

1. e4 d5 2. Nc3 d4 3. Nd5 e6 4. Nb4 a5 5. Nd3 c6 6. a4 Be7 7. Qg4 g6 8. Qf4 Nf6 9. Ne5 Bd6 10. Qh6 Bxe5 11. b3 Nxe4 12. Nf3 Bf6 13. d3 Nc3 14. Bd2 Nd5 15. h4 e5 16. Bg5 Nd7 17. Nxe5 Nxe5 18. f4 Ng4 19. Qg7 Bxg7 20. Bxd8 0-0 21. c4 Rxd8 22. cxd5 Rxd5 23. Be2 Ne3 24. Kd2 Rc5 25. Rac1 Rf5 26. g3 Be6 27. Bf3 Re8 28. h5 g5 29. h6 Bf6 30. g4 Rxf4 31. Be2 Bd5 32. Rhg1 Rf2 33. b4 axb4 34. Rb1 b3 0-1

[Event "ZN-2015-0-02972"]
[Site "LSS email"]
[Date "2015.01.25"]
[Round "?"]
[White "Newton, Daryl"]
[Black "Duker, Jan"]
[Result "1-0"]
[WhiteElo "458"]
[BlackElo "450"]
[PlyCount "35"]
[EventDate "2015.01.17"]
[EventType "match (corr)"]
[EventRounds "2"]
[EventCountry "GER"]
[SourceTitle "Corr 2022"]
[Source "ChessBase"]
[SourceDate "2021.10.24"]
[SourceVersion "1"]
[SourceVersionDate "2021.10.24"]
[SourceQuality "1"]

1. e4 e5 2. Nf3 Nc6 3. d4 exd4 4. Bc4 Nf6 5. Ng5 Qe7 6. 0-0 h6 7. Nxf7 Rg8 8. Ne5 d5 9. Bxd5 Nxd5 10. Ng6 Qxe4 11. Re1 Ne3 12. Bxe3 dxe3 13. Rxe3 Bf5 14. Rxe4+ Kf7 15. Ne5+ Ke6 16. Qd7+ Kf6 17. Qf7+ Kg5 18. h4# 1-0

[Event "ZN-2014-0-02915"]
[Site "LSS email"]
[Date "2014.12.15"]
[Round "?"]
[White "Hendershot, Paul"]
[Black "Duker, Jan"]
[Result "1-0"]
[WhiteElo "529"]
[BlackElo "488"]
[PlyCount "31"]
[EventDate "2014.12.11"]
[EventType "match (corr)"]
[EventRounds "2"]
[EventCountry "GER"]
[SourceTitle "Corr 2015"]
[Source "ChessBase"]
[SourceDate "2015.07.17"]
[SourceVersion "1"]
[SourceVersionDate "2015.07.17"]
[SourceQuality "1"]

1. e4 e5 2. d3 Nc6 3. c3 Nf6 4. Be2 Bc5 5. Nd2 0-0 6. Nc4 Ng4 7. Bxg4 Qh4 8. g3 Qf6 9. Nh3 h6 10. 0-0 b5 11. Ne3 a6 12. Nd5 Ra7 13. Nxf6+ gxf6 14. Bxh6 Re8 15. Bf5 Ne7 16. Qg4+ 1-0

[Event "ZN-2014-0-02916"]
[Site "LSS email"]
[Date "2014.12.15"]
[Round "?"]
[White "Linart, Ludvik"]
[Black "Duker, Jan"]
[Result "1-0"]
[WhiteElo "922"]
[BlackElo "565"]
[PlyCount "77"]
[EventDate "2014.12.11"]
[EventType "match (corr)"]
[EventRounds "2"]
[EventCountry "GER"]
[SourceTitle "Corr 2015"]
[Source "ChessBase"]
[SourceDate "2015.07.17"]
[SourceVersion "1"]
[SourceVersionDate "2015.07.17"]
[SourceQuality "1"]

1. d4 d5 2. c4 Nc6 3. c5 Nf6 4. Nc3 Bg4 5. Bg5 Ne4 6. Qb3 Nxg5 7. e3 Rb8 8. Bb5 a6 9. Be2 Na5 10. Qxd5 Ne6 11. Qxd8+ Rxd8 12. Bxg4 h5 13. Bxe6 fxe6 14. Nge2 c6 15. b3 g5 16. Ng3 h4 17. Nge4 Rh5 18. 0-0 h3 19. Ne2 hxg2 20. Rfc1 e5 21. N2g3 Rh4 22. b4 exd4 23. bxa5 dxe3 24. fxe3 Rd3 25. Nxg5 Bh6 26. Nf3 Bxe3+ 27. Kxg2 Bxc1 28. Nxh4 Bg5 29. Nf3 Be3 30. Rb1 Bxc5 31. Rxb7 Re3 32. Rb8+ Kf7 33. Ra8 Ra3 34. Rxa6 Rxa2+ 35. Kh3 Bb4 36. Rxc6 Bxa5 37. Ne5+ Kg8 38. Ra6 Ra3 39. Nc4 1-0

[Event "ZN-2014-0-02887"]
[Site "LSS email"]
[Date "2014.11.25"]
[Round "?"]
[White "Ducharme, Steven"]
[Black "Duker, Jan"]
[Result "1-0"]
[WhiteElo "805"]
[BlackElo "565"]
[PlyCount "55"]
[EventDate "2014.11.23"]
[EventType "match (corr)"]
[EventRounds "2"]
[EventCountry "GER"]
[SourceTitle "Corr 2015"]
[Source "ChessBase"]
[SourceDate "2015.07.17"]
[SourceVersion "1"]
[SourceVersionDate "2015.07.17"]
[SourceQuality "1"]

1. e4 e5 2. Bc4 Nf6 3. d3 Bc5 4. Bg5 0-0 5. Ne2 Nc6 6. c3 Qe7 7. 0-0 d6 8. Bxf6 Qxf6 9. b4 Bb6 10. a4 a5 11. b5 Ne7 12. Kh1 Bxf2 13. Ra2 Bg4 14. Qd2 Qh4 15. Nf4 exf4 16. Qxf2 Ng6 17. Qxh4 Nxh4 18. h3 f3 19. hxg4 fxg2+ 20. Rxg2 Nxg2 21. Kxg2 g6 22. g5 Rae8 23. Nd2 h5 24. gxh6 Kh7 25. Bxf7 Re7 26. Bxg6+ Kg8 27. h7+ Kh8 28. Rxf8+ 1-0

[Event "ZN-2014-0-02872"]
[Site "LSS email"]
[Date "2014.11.17"]
[Round "?"]
[White "Duker, Jan"]
[Black "Nejdek, Petr"]
[Result "0-1"]
[WhiteElo "565"]
[BlackElo "505"]
[PlyCount "42"]
[EventDate "2014.11.14"]
[EventType "match (corr)"]
[EventRounds "2"]
[EventCountry "GER"]
[SourceTitle "Corr 2015"]
[Source "ChessBase"]
[SourceDate "2015.07.17"]
[SourceVersion "1"]
[SourceVersionDate "2015.07.17"]
[SourceQuality "1"]

1. e4 e5 2. Nf3 d6 3. Bb5+ Bd7 4. Nc3 a6 5. Ba4 c6 6. 0-0 Bg4 7. d3 Be7 8. h3 Bh5 9. Bb3 Nf6 10. a4 0-0 11. Qe1 Bxf3 12. gxf3 Nh5 13. a5 Bg5 14. Ra4 Nf4 15. Be3 Nxh3+ 16. Kg2 Nf4+ 17. Kg3 Bh4+ 18. Kh2 Qg5 19. Rg1 Qh5 20. Rg4 Bxf2+ 21. Rh4 Qxh4# 0-1

[Event "ZN-2014-0-02872"]
[Site "LSS email"]
[Date "2014.11.17"]
[Round "?"]
[White "Nejdek, Petr"]
[Black "Duker, Jan"]
[Result "1-0"]
[WhiteElo "505"]
[BlackElo "565"]
[PlyCount "71"]
[EventDate "2014.11.14"]
[EventType "match (corr)"]
[EventRounds "2"]
[EventCountry "GER"]
[SourceTitle "Corr 2015"]
[Source "ChessBase"]
[SourceDate "2015.07.17"]
[SourceVersion "1"]
[SourceVersionDate "2015.07.17"]
[SourceQuality "1"]

1. e4 e5 2. Nf3 Qf6 3. Bc4 Bb4 4. a3 Ba5 5. b4 Bb6 6. Nc3 Nc6 7. Nd5 Qd6 8. Nxb6 axb6 9. c3 f6 10. Nh4 g6 11. Bd5 Nge7 12. d3 g5 13. Nf3 Ng6 14. g3 Qe6 15. Bxe6 dxe6 16. Be3 h5 17. 0-0 h4 18. g4 h3 19. d4 Nh4 20. Nxh4 Rxh4 21. d5 f5 22. gxf5 exf5 23. dxc6 Rg4+ 24. Kh1 bxc6 25. f3 Rg2 26. Rg1 f4 27. Bd2 g4 28. Rxg2 hxg2+ 29. Kxg2 Be6 30. fxg4 Ke7 31. h3 Rf8 32. Qf3 Bc4 33. a4 Be2 34. Qxe2 f3+ 35. Qxf3 Rxf3 36. Kxf3 1-0

[Event "OP-2011-0-01384"]
[Site "LSS email"]
[Date "2011.01.24"]
[Round "?"]
[White "Duker, Jan"]
[Black "Lombardi, Donato"]
[Result "0-1"]
[WhiteElo "800"]
[BlackElo "903"]
[PlyCount "22"]
[EventDate "2011.01.21"]
[EventType "tourn (corr)"]
[EventRounds "4"]
[EventCountry "GER"]
[SourceTitle "Corr 2015"]
[Source "ChessBase"]
[SourceDate "2015.07.17"]
[SourceVersion "1"]
[SourceVersionDate "2015.07.17"]
[SourceQuality "1"]

1. e4 e6 2. c4 d5 3. e5 c5 4. Na3 a6 5. Nf3 Nc6 6. Bd3 Qc7 7. 0-0 Nxe5 8. Nxe5 Qxe5 9. Qf3 Bd6 10. g3 Nf6 11. b3 Qxa1 0-1